[Event "Davos op 11th"]
[Site "Davos"]
[Date "2013.08.08"]
[Round "3"]
[White "Britschgi, Michele"]
[Black "Agrifoglio, Fabio"]
[Result "0-1"]
[WhiteElo "1645"]
[BlackElo "1960"]
[PlyCount "88"]
[EventDate "2013.08.06"]
[EventType "swiss"]
[EventRounds "5"]
[EventCountry "SUI"]
[SourceTitle "CBM 155 Extra"]
[Source "ChessBase"]
[SourceDate "2013.08.26"]
[SourceVersion "1"]
[SourceVersionDate "2013.08.26"]
[SourceQuality "1"]

1. e4 c5 2. Nf3 d6 3. c3 Nf6 4. Be2 Nc6 5. Bd3 g6 6. 0-0 Bg7 7. Bc2 0-0 8. h3 a5 9. a4 Qc7 10. d4 cxd4 11. cxd4 Nb4 12. Nc3 Bd7 13. Re1 Rac8 14. Bb3 e6 15. Bf4 Nh5 16. Bh2 Qb6 17. Qd2 Rfd8 18. Rac1 Be8 19. Red1 Nd3 20. Qxd3 Qxb3 21. g4 Nf6 22. Rc2 Bxa4 23. Rdc1 Be8 24. g5 Nh5 25. Nd2 Qb4 26. Nf3 Ra8 27. Qe3 Qb6 28. Nd1 Ba4 29. Rc4 Bxd1 30. Rxd1 Rac8 31. b3 d5 32. Rxc8 Rxc8 33. e5 Qc6 34. Kg2 Qc3 35. Rd3 Qc1 36. Qe2 Bf8 37. h4 b6 38. Rd2 Bb4 39. Rd1 Qc2 40. Nd2 Ng7 41. Bf4 Nf5 42. Be3 Nxh4+ 43. Kf1 Rc3 44. Qa6 Qxd1# 0-1

[Event "Davos op 11th"]
[Site "Davos"]
[Date "2013.08.07"]
[Round "2"]
[White "Agrifoglio, Fabio"]
[Black "Welti, Manfred"]
[Result "0-1"]
[WhiteElo "1960"]
[BlackElo "1840"]
[PlyCount "76"]
[EventDate "2013.08.06"]
[EventType "swiss"]
[EventRounds "5"]
[EventCountry "SUI"]
[SourceTitle "CBM 155 Extra"]
[Source "ChessBase"]
[SourceDate "2013.08.26"]
[SourceVersion "1"]
[SourceVersionDate "2013.08.26"]
[SourceQuality "1"]

1. d4 d6 2. Nf3 g6 3. e4 Bg7 4. Bc4 e6 5. 0-0 a6 6. a4 b6 7. c3 Ne7 8. Qe2 0-0 9. Re1 Nd7 10. Nbd2 h6 11. Nf1 Bb7 12. Ng3 Kh7 13. h4 Bf6 14. Bd3 e5 15. h5 Qe8 16. Be3 Ng8 17. Nh2 Qe7 18. Ng4 Bg5 19. Qc2 Bxe3 20. Nxe3 Kh8 21. Rf1 Qg5 22. Nd5 Bxd5 23. exd5 gxh5 24. Rae1 Ngf6 25. Nf5 Rg8 26. f4 exf4 27. Re7 Rae8 28. Rxf7 Rgf8 29. Rxf8+ Nxf8 30. Qf2 Ng6 31. Re1 Rxe1+ 32. Qxe1 f3 33. g3 Nf4 34. Qe3 Nxd3 35. Qxd3 Qg4 36. Kh2 Ne4 37. Qe3 Qxf5 38. Qxh6+ Kg8 0-1

[Event "Salento op 2nd"]
[Site "Gallipoli"]
[Date "2013.05.29"]
[Round "6"]
[White "Schmitz, Manuela"]
[Black "Agrifoglio, Fabio"]
[Result "1-0"]
[WhiteElo "2027"]
[BlackElo "1965"]
[PlyCount "43"]
[EventDate "2013.05.25"]
[EventType "swiss"]
[EventRounds "9"]
[EventCountry "ITA"]
[SourceTitle "EXT 2014"]
[Source "ChessBase"]
[SourceDate "2013.11.20"]
[SourceVersion "1"]
[SourceVersionDate "2013.11.20"]
[SourceQuality "1"]

1. d4 b6 2. Nf3 Bb7 3. c4 Bxf3 4. gxf3 e6 5. e4 Qh4 6. Be3 Nc6 7. Nc3 g6 8. Qd2 Bh6 9. 0-0-0 Bxe3 10. Qxe3 Qh6 11. f4 Nf6 12. Be2 0-0-0 13. d5 Na5 14. Kb1 Nh5 15. Bxh5 gxh5 16. c5 Kb8 17. d6 cxd6 18. cxb6 a6 19. Qd3 Qxf4 20. Qxa6 Nc6 21. Nb5 Qxf2 22. Nxd6 1-0

[Event "Salento op 2nd"]
[Site "Gallipoli"]
[Date "2013.05.25"]
[Round "1"]
[White "Callier, Christophe"]
[Black "Agrifoglio, Fabio"]
[Result "1-0"]
[WhiteElo "2102"]
[BlackElo "1965"]
[PlyCount "147"]
[EventDate "2013.05.25"]
[EventType "swiss"]
[EventRounds "9"]
[EventCountry "ITA"]
[SourceTitle "EXT 2014"]
[Source "ChessBase"]
[SourceDate "2013.11.20"]
[SourceVersion "1"]
[SourceVersionDate "2013.11.20"]
[SourceQuality "1"]

1. e4 c5 2. Nf3 d6 3. d4 cxd4 4. Nxd4 Nf6 5. Nc3 a6 6. Bc4 e6 7. Bb3 Qc7 8. Bg5 Be7 9. Qf3 Nc6 10. Nxc6 bxc6 11. e5 dxe5 12. Bxf6 gxf6 13. Qg3 Kf8 14. 0-0-0 Rg8 15. Qh3 Rg7 16. Rd3 f5 17. Rg3 Bg5+ 18. Kb1 Kg8 19. Qh5 Qe7 20. h4 Bf6 21. Rxg7+ Bxg7 22. g4 Ra7 23. Rg1 Kh8 24. g5 Rd7 25. Qe2 e4 26. h5 Rd8 27. Qc4 c5 28. Ne2 Qd6 29. c3 a5 30. Rd1 Qe7 31. Rxd8+ Qxd8 32. Qxc5 Ba6 33. h6 Bd3+ 34. Ka1 Bxe2 35. hxg7+ Kxg7 36. Qe5+ Kg6 37. a4 Qxg5 38. Qxa5 Qg1+ 39. Ka2 Qxf2 40. Qd8 Bh5 41. Qg8+ Kh6 42. Qf8+ Kg5 43. Qd8+ f6 44. Qg8+ Bg6 45. Qxe6 Qc5 46. Bc4 f4 47. b4 Qe3 48. Kb3 f3 49. b5 Qa7 50. b6 Qg7 51. Qc8 Bf7 52. Qc5+ f5 53. a5 Bxc4+ 54. Kxc4 Qd7 55. Kb4 Qd3 56. Qe7+ Kg6 57. b7 f2 58. Qe8+ Kf6 59. Qf8+ Kg5 60. b8Q Qb1+ 61. Kc5 Qxb8 62. Qxb8 f1Q 63. Qg8+ Kf6 64. Qf8+ Kg6 65. Qd6+ Kg5 66. a6 Qf2+ 67. Qd4 Qa2 68. Qg7+ Kf4 69. Qc7+ Kg4 70. a7 e3 71. Qg7+ Kh5 72. Qxh7+ Kg5 73. Qg7+ Kh5 74. Qh8+ 1-0

[Event "Milan Crespi op-B 33rd"]
[Site "Milan"]
[Date "2012.12.06"]
[Round "7"]
[White "Coppola, Federico"]
[Black "Agrifoglio, Fabio"]
[Result "1/2-1/2"]
[WhiteElo "1940"]
[BlackElo "1984"]
[PlyCount "120"]
[EventDate "2012.12.01"]
[EventType "swiss"]
[EventRounds "9"]
[EventCountry "ITA"]
[SourceTitle "EXT 2014"]
[Source "ChessBase"]
[SourceDate "2013.11.20"]
[SourceVersion "1"]
[SourceVersionDate "2013.11.20"]
[SourceQuality "1"]

1. e4 c5 2. Nf3 d6 3. d4 cxd4 4. Nxd4 Nf6 5. Nc3 a6 6. Be2 Qc7 7. 0-0 e6 8. a4 Be7 9. Be3 Nbd7 10. Nb3 b6 11. f4 Bb7 12. Bf3 0-0 13. Qe1 Rfd8 14. Rd1 Nc5 15. Qf2 Rd7 16. e5 Nfe4 17. Nxe4 Nxe4 18. Bxe4 Bxe4 19. c3 Rb8 20. Nd4 dxe5 21. fxe5 Bg6 22. Rc1 h6 23. Qg3 Bc5 24. Kh1 Kh7 25. Qf4 Rbd8 26. Ra1 Rd5 27. b4 Be7 28. Nf3 b5 29. axb5 Bg5 30. Nxg5+ hxg5 31. Qxg5 axb5 32. Bd4 Qc4 33. Rf3 Kg8 34. Qe3 Qc6 35. Rff1 R5d7 36. Rfe1 Ra8 37. h3 Rdd8 38. Qe2 Bf5 39. Kg1 Qd5 40. Kh2 Ra4 41. Rxa4 bxa4 42. Ra1 Qb3 43. Ra2 a3 44. b5 Bd3 45. Rxa3 Qxb5 46. Qf3 Qb1 47. Ra7 Bg6 48. Rb7 Qc2 49. h4 Qe4 50. Qxe4 Bxe4 51. Rb2 Kh7 52. g4 Ra8 53. Rf2 Kg8 54. Kg3 Bd5 55. h5 Ra1 56. Rd2 Rf1 57. Re2 Rf3+ 58. Kh2 Rf1 59. Kg3 Rf3+ 60. Kh2 Kh7 1/2-1/2

[Event "Milan Crespi op-B 33rd"]
[Site "Milan"]
[Date "2012.12.04"]
[Round "4"]
[White "Agrifoglio, Fabio"]
[Black "Cattaneo, Marco"]
[Result "0-1"]
[WhiteElo "1984"]
[BlackElo "2049"]
[PlyCount "50"]
[EventDate "2012.12.01"]
[EventType "swiss"]
[EventRounds "9"]
[EventCountry "ITA"]
[SourceTitle "EXT 2014"]
[Source "ChessBase"]
[SourceDate "2013.11.20"]
[SourceVersion "1"]
[SourceVersionDate "2013.11.20"]
[SourceQuality "1"]

1. d4 Nf6 2. c4 g6 3. Nc3 Bg7 4. e4 d6 5. Nf3 0-0 6. Be3 e5 7. h3 exd4 8. Nxd4 Re8 9. Qc2 Nc6 10. Nxc6 bxc6 11. Be2 Qe7 12. Bf3 Nd7 13. 0-0 Ne5 14. Be2 c5 15. Nd5 Qd8 16. Rad1 Nc6 17. Bf3 Rb8 18. b3 Nd4 19. Bxd4 Bxd4 20. Qd2 c6 21. Ne3 Qh4 22. Nc2 Be5 23. Bg4 Bxg4 24. f4 Bxd1 25. fxe5 Bxc2 0-1

[Event "Milan Crespi op-A 32nd"]
[Site "Milan"]
[Date "2011.12.08"]
[Round "6"]
[White "Castrogiovanni, Carlo"]
[Black "Agrifoglio, Fabio"]
[Result "0-1"]
[WhiteElo "2027"]
[BlackElo "2019"]
[PlyCount "104"]
[EventDate "2011.12.03"]
[EventType "swiss"]
[EventRounds "9"]
[EventCountry "ITA"]
[SourceTitle "EXT 2022"]
[Source "ChessBase"]
[SourceDate "2021.10.06"]
[SourceVersion "1"]
[SourceVersionDate "2021.10.06"]
[SourceQuality "1"]

1. d4 d6 2. Nf3 g6 3. e4 Nf6 4. Bd3 Bg7 5. Bf4 Nc6 6. c3 e5 7. dxe5 Nh5 8. Bg5 f6 9. exf6 Bxf6 10. Be3 Qe7 11. Nbd2 a6 12. Qb3 Bd7 13. 0-0 Na5 14. Qc2 b5 15. c4 0-0 16. cxb5 axb5 17. Be2 c5 18. Rfe1 Kh8 19. Rad1 Nc6 20. a3 c4 21. Nb1 Be5 22. Nc3 Nf6 23. Bg5 Bxc3 24. Qxc3 Ne5 25. Qd4 Bg4 26. Qxd6 Qxd6 27. Rxd6 Nxe4 28. Rd5 Bxf3 29. Rxe5 Nxg5 30. Rxg5 Bc6 31. Bg4 Rfe8 32. Rge5 Rxe5 33. Rxe5 Rd8 34. Rc5 Rd6 35. h3 Kg7 36. Kh2 Kf6 37. Bc8 Be8 38. Bb7 Rd2 39. Rc8 Bd7 40. Rd8 Ke7 41. Rh8 Rxb2 42. Rxh7+ Kd6 43. Be4 Rxf2 44. Bxg6 Bc6 45. Kg1 Rxg2+ 46. Kf1 Rxg6 47. Ke2 Rg2+ 48. Kd1 Bf3+ 49. Kc1 c3 50. Rh4 Ke5 51. a4 Be4 52. axb5 Rg1# 0-1

[Event "Milan Crespi op-A 32nd"]
[Site "Milan"]
[Date "2011.12.08"]
[Round "7"]
[White "Montani, Francesco"]
[Black "Agrifoglio, Fabio"]
[Result "1/2-1/2"]
[WhiteElo "2245"]
[BlackElo "2019"]
[PlyCount "85"]
[EventDate "2011.12.03"]
[EventType "swiss"]
[EventRounds "9"]
[EventCountry "ITA"]
[SourceTitle "EXT 2022"]
[Source "ChessBase"]
[SourceDate "2021.10.06"]
[SourceVersion "1"]
[SourceVersionDate "2021.10.06"]
[SourceQuality "1"]

1. f4 c5 2. Nf3 Nf6 3. d3 d6 4. e4 Nc6 5. Be2 g6 6. 0-0 Bg7 7. Qe1 0-0 8. Nc3 e6 9. Qh4 Nd7 10. Qg3 Nb6 11. Kh1 d5 12. e5 Ne7 13. Qf2 Nd7 14. Bd2 a6 15. a4 b6 16. Rab1 Bb7 17. b4 Qc7 18. bxc5 bxc5 19. Kg1 d4 20. Ne4 Bxe4 21. dxe4 Qc6 22. Qh4 Rfe8 23. f5 exf5 24. Ng5 Nxe5 25. Qxh7+ Kf8 26. Bf4 Ng8 27. Qh4 Nf6 28. Bxe5 Rxe5 29. Bc4 Rxe4 30. Nxe4 Nxe4 31. Qf4 Qd6 32. Rb7 Qxf4 33. Rxf7+ Ke8 34. Rxf4 Be5 35. Rh7 Rb8 36. Rf1 Rb2 37. Bf7+ Kd8 38. Bxg6 d3 39. cxd3 Bd4+ 40. Kh1 Nf2+ 41. Kg1 Nxd3+ 42. Kh1 Nf2+ 43. Kg1 1/2-1/2

[Event "Milan Crespi op-A 31st"]
[Site "Milan"]
[Date "2010.12.10"]
[Round "8"]
[White "Agrifoglio, Fabio"]
[Black "Mazzariol, Oscar"]
[Result "1/2-1/2"]
[WhiteElo "1999"]
[BlackElo "2089"]
[PlyCount "129"]
[EventDate "2010.12.04"]
[EventType "swiss"]
[EventRounds "9"]
[EventCountry "ITA"]
[SourceTitle "CBM 139 Extra"]
[Source "ChessBase"]
[SourceDate "2011.01.05"]
[SourceVersion "1"]
[SourceVersionDate "2011.01.05"]
[SourceQuality "1"]

1. d4 Nf6 2. c4 Nc6 3. Nf3 e6 4. a3 d5 5. e3 Be7 6. b4 dxc4 7. Bxc4 0-0 8. 0-0 a6 9. Bb2 b5 10. Bd3 Bb7 11. Nbd2 Re8 12. Qc2 h6 13. Rfd1 Rc8 14. Rac1 Bd6 15. Nb3 Nb8 16. Ne5 Qe7 17. Na5 Ba8 18. e4 Bxe5 19. dxe5 Nfd7 20. Nb3 Qg5 21. g3 Red8 22. f4 Qe7 23. Bd4 Nc6 24. Bc5 Qe8 25. Qf2 Bb7 26. Rd2 Ba8 27. Qe3 Bb7 28. Rcd1 Ba8 29. h4 Bb7 30. Rc1 Ba8 31. Rdc2 Ndb8 32. Be2 Rd7 33. Bd4 Nxd4 34. Nxd4 Qe7 35. Nb3 Rdd8 36. Nc5 Qe8 37. Rf1 Qc6 38. Bd3 Nd7 39. Nb3 Qb6 40. Nc5 Nxc5 41. Rxc5 Rd7 42. Bb1 Rcd8 43. Qc3 Rd4 44. Re1 Rc4 45. Qe3 Rxc5 46. bxc5 Qa5 47. Kf2 Qd2+ 48. Qxd2 Rxd2+ 49. Re2 Rd4 50. Ke3 Rd8 51. Rd2 Rxd2 52. Kxd2 Kf8 53. Kc3 a5 54. Kd4 Bc6 55. f5 Ke7 56. Bd3 g6 57. f6+ Kd8 58. Bc2 Kc8 59. Bb3 Kd7 60. Ba2 Ke8 61. Bb3 Kd8 62. Bc2 Kd7 63. Bb3 Kd8 64. Ke3 Be8 65. Kd4 1/2-1/2

[Event "Milan Crespi op-A 31st"]
[Site "Milan"]
[Date "2010.12.09"]
[Round "7"]
[White "Burlando, Alessandro"]
[Black "Agrifoglio, Fabio"]
[Result "1-0"]
[WhiteElo "2132"]
[BlackElo "1999"]
[PlyCount "103"]
[EventDate "2010.12.04"]
[EventType "swiss"]
[EventRounds "9"]
[EventCountry "ITA"]
[SourceTitle "CBM 139 Extra"]
[Source "ChessBase"]
[SourceDate "2011.01.05"]
[SourceVersion "1"]
[SourceVersionDate "2011.01.05"]
[SourceQuality "1"]

1. d4 Nf6 2. c4 e5 3. dxe5 Ng4 4. Nf3 Nc6 5. e3 Bb4+ 6. Nbd2 a5 7. Be2 Ngxe5 8. 0-0 0-0 9. a3 Be7 10. Nd4 d6 11. Ne4 d5 12. cxd5 Qxd5 13. Nc3 Qd8 14. Ndb5 Be6 15. f4 Qxd1 16. Rxd1 Bb3 17. fxe5 Bxd1 18. Bxd1 Nxe5 19. Nxc7 Rac8 20. N7d5 Bc5 21. Be2 Rfe8 22. Bd2 Nc6 23. Bb5 Re5 24. Re1 Rd8 25. Bc4 Kf8 26. Bc1 Nd4 27. Kf1 Rf5+ 28. Kg1 Nc2 29. Re2 Nb4 30. axb4 axb4 31. Nb5 Rfxd5 32. Bxd5 Rxd5 33. Nd4 f5 34. g3 g5 35. Ne6+ Ke7 36. Nxc5 Rxc5 37. Bd2 Rc4 38. Kf2 Ke6 39. b3 Re4 40. Re1 Kd5 41. Rc1 h5 42. Rc7 h4 43. Rxb7 hxg3+ 44. hxg3 Kc5 45. Ra7 Kb5 46. Rf7 Re5 47. Rb7+ Kc5 48. Rxb4 Re8 49. Ra4 Rd8 50. Ke2 f4 51. gxf4 g4 52. Ra5+ 1-0

[Event "Milan Crespi op-A 31st"]
[Site "Milan"]
[Date "2010.12.06"]
[Round "3"]
[White "Herman, Matthew J"]
[Black "Agrifoglio, Fabio"]
[Result "1-0"]
[WhiteElo "2149"]
[BlackElo "1999"]
[PlyCount "33"]
[EventDate "2010.12.04"]
[EventType "swiss"]
[EventRounds "9"]
[EventCountry "ITA"]
[SourceTitle "CBM 139 Extra"]
[Source "ChessBase"]
[SourceDate "2011.01.05"]
[SourceVersion "1"]
[SourceVersionDate "2011.01.05"]
[SourceQuality "1"]

1. e4 e6 2. d4 d5 3. Nd2 dxe4 4. Nxe4 Bd7 5. Nf3 Bc6 6. Bd3 Nd7 7. 0-0 Ngf6 8. Neg5 Bd6 9. Re1 0-0 10. Ne5 h6 11. Nh3 Bxe5 12. dxe5 Nh7 13. b4 a6 14. Qh5 f5 15. exf6 Qxf6 16. Rb1 Qf7 17. Bxh7+ 1-0

[Event "Milan Crespi op-A 31st"]
[Site "Milan"]
[Date "2010.12.04"]
[Round "1"]
[White "Bonazzi, Edoardo"]
[Black "Agrifoglio, Fabio"]
[Result "1-0"]
[WhiteElo "2164"]
[BlackElo "1999"]
[PlyCount "63"]
[EventDate "2010.12.04"]
[EventType "swiss"]
[EventRounds "9"]
[EventCountry "ITA"]
[SourceTitle "CBM 139 Extra"]
[Source "ChessBase"]
[SourceDate "2011.01.05"]
[SourceVersion "1"]
[SourceVersionDate "2011.01.05"]
[SourceQuality "1"]

1. c4 g6 2. g3 Bg7 3. Bg2 c5 4. Nc3 Nc6 5. Nf3 Nf6 6. d4 cxd4 7. Nxd4 0-0 8. 0-0 Qb6 9. Nb3 d6 10. Bg5 Be6 11. Nd5 Bxd5 12. cxd5 Ne5 13. Rc1 a5 14. Qd4 Qb5 15. Qd2 Nc4 16. Qd3 a4 17. Nd2 Qxb2 18. Rxc4 Qxa2 19. Rc2 Qxc2 20. Qxc2 b5 21. Rb1 Rfc8 22. Qa2 Rcb8 23. Rb4 h6 24. Be3 Nd7 25. Nb1 Rb7 26. Na3 Rab8 27. Qc2 Be5 28. Be4 f5 29. Bd3 Nc5 30. Rxb5 Rxb5 31. Bxb5 Ne4 32. Qc7 1-0

[Event "Milan SSM August"]
[Site "Milan"]
[Date "2010.08.04"]
[Round "7"]
[White "Rossi, Giampiero"]
[Black "Agrifoglio, Fabio"]
[Result "0-1"]
[WhiteElo "1916"]
[BlackElo "2014"]
[PlyCount "124"]
[EventDate "2010.07.30"]
[EventType "swiss"]
[EventRounds "7"]
[EventCountry "ITA"]
[SourceTitle "EXT 2024"]
[Source "ChessBase"]
[SourceDate "2023.10.10"]
[SourceVersion "1"]
[SourceVersionDate "2023.10.10"]
[SourceQuality "1"]

1. d4 d6 2. c4 e5 3. Nc3 c6 4. Nf3 Nd7 5. e3 Qc7 6. Be2 Ngf6 7. Qc2 Be7 8. 0-0 0-0 9. Rd1 Re8 10. Bd2 Bf8 11. Rac1 a5 12. Be1 exd4 13. Nxd4 Nc5 14. Bf3 g6 15. b3 Bg7 16. Nce2 Nfe4 17. Ng3 Qe7 18. Nxe4 Nxe4 19. Bxe4 Qxe4 20. Qxe4 Rxe4 21. Ne2 Bf8 22. Ng3 Re8 23. Nf1 Be6 24. f3 d5 25. cxd5 Bxd5 26. e4 Be6 27. Ne3 a4 28. Rb1 axb3 29. axb3 Bc5 30. Bf2 Red8 31. Rxd8+ Rxd8 32. b4 Bb6 33. Rd1 Ra8 34. Rb1 Ba2 35. Ra1 Bd4 36. Rd1 Bc3 37. Be1 Bxe1 38. Rxe1 Rd8 39. Rd1 Rxd1+ 40. Nxd1 Kf8 41. Kf2 Ke7 42. Ke3 Kd6 43. Nc3 Bb3 44. Kd4 f6 45. f4 b6 46. e5+ Ke6 47. exf6 Kxf6 48. Ne4+ Kf5 49. Ke3 h6 50. Nd6+ Ke6 51. Ne4 Kd5 52. Nd2 Bc2 53. g4 c5 54. bxc5 Kxc5 55. h4 Kd5 56. Nf3 Kc4 57. Nd4 Bd1 58. f5 gxf5 59. g5 hxg5 60. hxg5 f4+ 61. Ke4 Bh5 62. Nc2 Bg6+ 0-1

[Event "Milan SSM August"]
[Site "Milan"]
[Date "2010.08.01"]
[Round "3"]
[White "Corti, Massimo"]
[Black "Agrifoglio, Fabio"]
[Result "1-0"]
[WhiteElo "2020"]
[BlackElo "2014"]
[PlyCount "77"]
[EventDate "2010.07.30"]
[EventType "swiss"]
[EventRounds "7"]
[EventCountry "ITA"]
[SourceTitle "EXT 2024"]
[Source "ChessBase"]
[SourceDate "2023.10.10"]
[SourceVersion "1"]
[SourceVersionDate "2023.10.10"]
[SourceQuality "1"]

1. d4 d6 2. c4 e5 3. Nf3 e4 4. Ng5 f5 5. g3 h6 6. Nh3 Nf6 7. Nf4 g5 8. Ng6 Rg8 9. Nxf8 Kxf8 10. Bg2 Nc6 11. Nc3 d5 12. cxd5 Nxd5 13. 0-0 Be6 14. f3 exf3 15. Bxf3 Kg7 16. e4 fxe4 17. Nxe4 Bh3 18. Nc5 b6 19. Re1 bxc5 20. dxc5 Nde7 21. Bd2 Bf5 22. Bc3+ Kh7 23. Qa4 Rg6 24. g4 Bd7 25. Qe4 Qf8 26. b4 Re8 27. Qd3 Rd8 28. Qe2 Re6 29. Qc2+ Ng6 30. Rxe6 Bxe6 31. Bxc6 Bxg4 32. Be4 Bh5 33. Rf1 Qg8 34. Rf6 Rf8 35. Rc6 Qf7 36. Rf6 Qg8 37. Bd5 Qxd5 38. Rxf8 Bf3 39. Rh8# 1-0

[Event "Milan SSM August"]
[Site "Milan"]
[Date "2010.07.30"]
[Round "1"]
[White "Simone, Marco"]
[Black "Agrifoglio, Fabio"]
[Result "0-1"]
[WhiteElo "1854"]
[BlackElo "2014"]
[PlyCount "126"]
[EventDate "2010.07.30"]
[EventType "swiss"]
[EventRounds "7"]
[EventCountry "ITA"]
[SourceTitle "EXT 2024"]
[Source "ChessBase"]
[SourceDate "2023.10.10"]
[SourceVersion "1"]
[SourceVersionDate "2023.10.10"]
[SourceQuality "1"]

1. e4 d6 2. d4 Nf6 3. f3 g6 4. Nc3 Bg7 5. Be3 a6 6. Bd3 e5 7. Nge2 b5 8. Qd2 Nbd7 9. d5 Bb7 10. a4 b4 11. Nd1 a5 12. c4 Nc5 13. Nc1 Nfd7 14. Bc2 0-0 15. b3 f5 16. 0-0 fxe4 17. fxe4 Rxf1+ 18. Kxf1 Qh4 19. g3 Rf8+ 20. Kg2 Qf6 21. Qf2 Qe7 22. Qe2 Bc8 23. Nf2 Rf7 24. Ncd3 Qf8 25. Nxc5 Nxc5 26. Rf1 Nb7 27. Bd1 Bh6 28. Qd2 Bxe3 29. Qxe3 Nc5 30. Re1 h5 31. Nd3 Nxd3 32. Qxd3 Rf2+ 33. Kg1 Bh3 34. g4 Rg2+ 35. Kh1 Qf2 36. Qxh3 Qxe1+ 37. Kxg2 Qxd1 38. gxh5 Qe2+ 39. Kg1 Qe1+ 40. Qf1 Qxe4 41. hxg6 Qxg6+ 42. Kh1 Kg7 43. Qh3 Qe4+ 44. Kg1 Qe1+ 45. Kg2 Qd2+ 46. Kf1 Qf4+ 47. Kg2 Kg6 48. Qe6+ Kh5 49. Qe8+ Kh6 50. Qh8+ Kg6 51. Qg8+ Kf5 52. Qh7+ Kg4 53. h3+ Kg5 54. Qe7+ Qf6 55. Qxc7 e4 56. h4+ Kf4 57. Qb6 e3 58. h5 Ke4 59. Qa7 Qf3+ 60. Kh2 Qxh5+ 61. Kg3 Kd3 62. Qe7 e2 63. Kf2 Qh2+ 0-1

[Event "Milan Crespi op-A 30th"]
[Site "Milan"]
[Date "2009.12.08"]
[Round "5"]
[White "Massironi, Marco"]
[Black "Agrifoglio, Fabio"]
[Result "1-0"]
[WhiteElo "2149"]
[BlackElo "2017"]
[PlyCount "81"]
[EventDate "2009.12.05"]
[EventType "swiss"]
[EventRounds "9"]
[EventCountry "ITA"]
[SourceTitle "EXT 2012"]
[Source "ChessBase"]
[SourceDate "2011.11.24"]
[SourceVersion "1"]
[SourceVersionDate "2011.11.24"]
[SourceQuality "1"]

1. e4 d6 2. d4 Nf6 3. Nc3 g6 4. f4 Bg7 5. a3 c6 6. Nf3 b5 7. Bd3 a6 8. e5 Nfd7 9. Ne4 d5 10. Neg5 Nf8 11. f5 f6 12. 0-0 fxg5 13. Nxg5 h6 14. f6 exf6 15. exf6 Bxf6 16. Re1+ Be7 17. Nf3 Bg4 18. Bf4 Rh7 19. h3 Bxf3 20. Qxf3 Rf7 21. Qg3 g5 22. Bc7 Qc8 23. Bd6 Nbd7 24. Bxe7 Rxe7 25. Qd6 Rxe1+ 26. Rxe1+ Kd8 27. Rf1 Ke8 28. Be2 Nh7 29. Bh5+ Kd8 30. Rf7 Qc7 31. Qe7+ Kc8 32. Rxh7 Ra7 33. Bg4 Qd8 34. Qd6 Qe8 35. Re7 Qd8 36. Rxd7 Rxd7 37. Qxc6+ Kb8 38. Qxd7 Qf6 39. Qc8+ Ka7 40. Qc5+ Kb8 41. Qxd5 1-0

[Event "Milan Crespi op-A 30th"]
[Site "Milan"]
[Date "2009.12.06"]
[Round "3"]
[White "Gori, Andrea"]
[Black "Agrifoglio, Fabio"]
[Result "1-0"]
[WhiteElo "2182"]
[BlackElo "2017"]
[PlyCount "105"]
[EventDate "2009.12.05"]
[EventType "swiss"]
[EventRounds "9"]
[EventCountry "ITA"]
[SourceTitle "EXT 2012"]
[Source "ChessBase"]
[SourceDate "2011.11.24"]
[SourceVersion "1"]
[SourceVersionDate "2011.11.24"]
[SourceQuality "1"]

1. e4 d6 2. d4 Nf6 3. Nc3 g6 4. Be3 c6 5. f3 b5 6. a3 a6 7. Qd2 Nbd7 8. Bh6 Qc7 9. g4 Bb7 10. h4 0-0-0 11. Bf4 e5 12. Bh2 Be7 13. Nge2 Nb6 14. Nc1 Nfd7 15. Bg3 exd4 16. Qxd4 Ne5 17. Qf2 Rhe8 18. Nd3 Bf6 19. Bh3 Kb8 20. 0-0 c5 21. Nxe5 Bxe5 22. Bxe5 dxe5 23. Rfd1 f6 24. Rxd8+ Rxd8 25. Nd1 Qd6 26. Ne3 Qd2 27. Rd1 Qxf2+ 28. Kxf2 Rxd1 29. Nxd1 Kc7 30. g5 fxg5 31. hxg5 Nc4 32. Be6 Nd6 33. Kg3 Kd8 34. Ne3 Ke7 35. Bg8 Kf8 36. Ba2 a5 37. Ng4 Bxe4 38. fxe4 Nxe4+ 39. Kh4 c4 40. Nxe5 a4 41. Nf3 c3 42. b4 axb3 43. Bxb3 Kg7 44. Nd4 Nd2 45. Bd5 Nb1 46. Nxb5 Kf8 47. Ba2 Nd2 48. Nxc3 Nf3+ 49. Kg4 Nd4 50. Bb3 Kg7 51. a4 Nc6 52. Bd5 Nd4 53. Be4 1-0

[Event "Porto San Giorgio op-A 21st"]
[Site "Porto San Giorgio"]
[Date "2009.08.27"]
[Round "7"]
[White "Agrifoglio, Fabio"]
[Black "Altini, Daniele"]
[Result "0-1"]
[WhiteElo "2012"]
[BlackElo "2236"]
[PlyCount "56"]
[EventDate "2009.08.21"]
[EventType "swiss"]
[EventRounds "9"]
[EventCountry "ITA"]
[SourceTitle "CBM 131 Extra"]
[Source "ChessBase"]
[SourceDate "2009.09.03"]
[SourceVersion "2"]
[SourceVersionDate "2009.09.16"]
[SourceQuality "1"]

1. d4 Nf6 2. Nf3 e6 3. g3 b6 4. Bg2 Bb7 5. c4 Be7 6. 0-0 0-0 7. Nc3 d5 8. Ne5 Nbd7 9. cxd5 Nxd5 10. Nxd5 exd5 11. Nd3 c5 12. dxc5 bxc5 13. Nf4 Nb6 14. Qc2 Qd7 15. a4 d4 16. a5 Bxg2 17. Kxg2 Nd5 18. Qc4 Nxf4+ 19. Bxf4 Rac8 20. a6 Rc6 21. h4 h6 22. Rh1 Rfc8 23. Ra5 Rb6 24. Bc1 Rcc6 25. Rd1 Qe6 26. Qxe6 fxe6 27. Bf4 Rxb2 28. Bb8 Rxb8 0-1

[Event "Milan Crespi op-A 29th"]
[Site "Milan"]
[Date "2008.12.07"]
[Round "2"]
[White "Agrifoglio, Fabio"]
[Black "Salmoiraghi, Angelo"]
[Result "0-1"]
[WhiteElo "1998"]
[BlackElo "2122"]
[PlyCount "106"]
[EventDate "2008.12.06"]
[EventType "swiss"]
[EventRounds "9"]
[EventCountry "ITA"]
[SourceTitle "CBM 130 Extra"]
[Source "ChessBase"]
[SourceDate "2009.07.02"]
[SourceVersion "2"]
[SourceVersionDate "2009.07.15"]
[SourceQuality "1"]

1. d4 c5 2. d5 Nf6 3. g3 e5 4. Bg2 d6 5. c4 Nbd7 6. Nf3 Be7 7. Nc3 Nf8 8. Qc2 Ng6 9. h4 h6 10. Nd2 Bd7 11. Nf1 a6 12. a4 Qc8 13. a5 Bd8 14. e4 h5 15. Bd2 Ng4 16. f3 Nh6 17. Ne3 Ne7 18. Ne2 f5 19. f4 Ng6 20. exf5 Nxf5 21. Nxf5 Bxf5 22. Be4 Bxe4 23. Qxe4 Qg4 24. Ra3 0-0 25. Rf1 Bf6 26. Rb3 Rae8 27. Re3 exf4 28. Qxe8 fxe3 29. Qxe3 Bxb2 30. Rxf8+ Kxf8 31. Qf2+ Kg8 32. Bf4 Be5 33. Qe3 Qf5 34. Kd2 Qb1 35. Qd3 Bxf4+ 36. Nxf4 Qb2+ 37. Kd1 Qa1+ 38. Ke2 Qb2+ 39. Ke1 Nxf4 40. gxf4 Qc1+ 41. Qd1 Qxd1+ 42. Kxd1 Kf7 43. Ke2 Ke7 44. Ke3 g6 45. Ke4 Kd7 46. f5 gxf5+ 47. Kxf5 b6 48. axb6 a5 49. b7 Kc7 50. Ke6 a4 51. b8Q+ Kxb8 52. Kxd6 a3 53. Ke7 a2 0-1